000 00529nam a2200181 i 4500
001 74501
003 ES-MaACL
005 20230906172144.0
007 t|
008 040920s1979 sp ||||1| spa d
100 1 _aGoubert, Pierre.
_959311
245 1 3 _aEl Antiguo Régimen /
_cPierre Goubert ; [traducción, Néstor A. Míguez].
250 _a[1ª ed.].
260 _a[Madrid] :
_bSiglo Veintiuno,
_c[1979]
300 _aVII, 305 p. ;
_c21 cm.
700 1 _aMíguez, Néstor.
_981054
852 _aES-MaACL
_jA-10779
_bR.99941
999 _c74501
_d74501